LEADER 01988nam a2200409 a 4500
001 c000187868
003 CARM
005 20030430213516.0
008 950522s1994 acaab b 000 0 eng d
019 1 |a 11598227  |z 45194253  |5 LACONCORD2021 
020 |a 0863962408 
035 |a (OCoLC)38385852  |5 LACONCORD2021 
040 |a ANL  |b eng  |c ANL 
042 |a anuc 
043 |a a-cc--- 
082 0 4 |a 381.456410951  |2 20 
082 0 4 |a 381.456410951  |2 20 
100 1 |a Samuel, S. N. 
245 1 4 |a The market for processed food & beverage products in urban China /  |c a report for RIRDC by S. Nicholas Samuel. 
260 |a Barton, A.C.T. :  |b Rural Industries Research and Development Corporation,  |c 1994. 
300 |a xiii, 76 p. :  |b ill., map ;  |c 30 cm. 
490 1 |a Research paper / RIRDC ;  |v no. 94/11. 
500 |a "The market for processed food and beverage products in urban China : analysis of survey results"--Cover verso. 
500 |a "A collaborative project between the Rural Industries Research and Development Corporation, the University of Adelaide (Australia) and Xinjiang Agricultural University (Peoples Republic of China)"--P. [ii] 
504 |a Bibliography: p. 73-76. 
650 0 |a Food industry and trade  |z China. 
650 0 |a Beverage industry  |z China. 
650 0 |a Market surveys  |z China. 
650 0 |a Economic forecasting  |z China. 
651 0 |a China  |x Economic conditions  |y 1976- 
710 2 |a Rural Industries Research and Development Corporation (Australia) 
710 2 |a University of Adelaide.  |b Dept. of Agricultural Business. 
710 2 |a Xinjiang Agricultural University (People's Republic of China) 
830 0 |a Research paper (Rural Industries Research and Development Corporation (Australia)) ;  |v no. 94/11. 
852 8 |b CARM  |h A2:AN09B0  |i D08426  |p 0251947  |f BK 
999 f f |i b1851aa6-a737-5040-8d76-cd9dc4879823  |s c676412b-d29c-5fd8-8146-afb65457b5ed 
952 f f |p Can circulate  |a CAVAL  |b CAVAL  |c CAVAL  |d CARM 1 Store  |e D08426  |f A2:AN09B0  |h Other scheme  |i book  |m 0251947